000 01064nam a2200253Ia 4500
003 OSt
005 20220918112051.0
006 a|||||r|||| 00| 0
007 ta
008 220915b |||||||| |||| 00| 0 san d
024 _a45985
037 _cTextbook
040 _bsan
_aARTS
_cARTS
041 _asan
082 _aO15,2D36,1, 152N3-;1
100 _aशुद्रक; द्विवेदी, रामानन्द, व्याख्; वाजपेयी, मदनगोपाल, सम्प
_911702
245 0 _aमृच्छकटिकम्
246 _aMṛuchchhakaṭikam
260 _aवाराणसी
_bभारतीय विधा प्रकाशन भारत
_c1993
300 _a658पण्
_ccm.
650 _aहिन्दी साहित्य
942 _hO15,2D36,1, 152N3-;1
_cTB
_2CC
999 _c118169
_d118169